Colombia Anfibia : (Registro nro. 18191)

Detalles MARC
000 -CABECERA
Campo de control 01805nam a22003617a 4500
005 - FECHA Y HORA DE LA ULTIMA TRANSACCION
Campo de control 20200104041738.0
008 - ELEMENTOS DE LONGITUD FIJA—INFORMACION GENERAL
Campo de control 160303b2015 ck abd r|||| 00| 0 spa d
020 ## - ISBN
ISBN 9789588889481 (impreso)
020 ## - ISBN
ISBN 9789588889471 (digital)
040 ## - FUENTE DE CATALOGACIÓN
Agencia catalogadora original CO-BoIAVH
Agencia transcriptora CO-BoIAVH
041 0# - IDIOMA
Código de idioma para texto/pista de sonido o título separado Español
044 ## - PAÍS DE PUBLICACIÓN
País de publicación Colombia
082 04 - NUMERO DE CLASIFICACION DECIMAL DEWEY
Número de clasificación 333.910986
Número del ítem C71a
245 00 - MENCION DE TITULO
Título Colombia Anfibia :
Parte restante del título Un país de humedales. Volumen I /
Mención de responsabilidad editado por Úrsula Jaramillo Villa, Jimena Cortés-Duque y Carlos Flórez Ayala
260 ## - PUBLICACION, DISTRIBUCION, ETC. (PIE DE IMPRENTA)
Lugar de publicación, distribución, etc. Bogotá :
Nombre del editor, distribuidor, etc. Instituto de Investigación de Recursos Biológicos Alexander von Humboldt,
Fecha de publicación, distribución, etc. 2015.
300 ## - DESCRIPCION FISICA
Extensión 140 páginas :
Otros detalles físicos ilustraciones a color, mapas, tablas y gráficas a color ;
Dimensiones 32 x 24 centímetros
504 ## - NOTA DE BIBLIOGRAFIA, ETC.
Nota de bibliografía Incluye referencias bibliográficas: páginas 134-137.
505 0# - NOTA DE CONTENIDO
Nota de contenido Capítulo 1. La naturaleza de los humedales.<br/>
505 0# - NOTA DE CONTENIDO
Nota de contenido Capítulo 2. Humedales y gente.<br/>
505 0# - NOTA DE CONTENIDO
Nota de contenido Capítulo 3. Entramado anfibio.<br/>
505 0# - NOTA DE CONTENIDO
Nota de contenido Capítulo 4. La pluralidad del agua.
520 2# - NOTA DE RESUMEN, ETC.
Nota de resumen Colombia anfibia. Un país de humedales. cuenta sobre la complejidad y diversidad de estos espacios de agua en el territorio continental de nuestro país y la importancia de integrar esta nueva mirada en la gestión de estos ecosistemas.
650 #4 - ASIENTO SECUNDARIO DE MATERIA - TERMINO TEMATICO
Término temático o nombre geográfico como elemento de entrada Humedales continentales
9 (RLIN) 63429
650 #4 - ASIENTO SECUNDARIO DE MATERIA - TERMINO TEMATICO
Término temático o nombre geográfico como elemento de entrada Humedales
Subdivisión general identificación
Subdivisión geográfica Colombia
9 (RLIN) 72047
650 #4 - ASIENTO SECUNDARIO DE MATERIA - TERMINO TEMATICO
Término temático o nombre geográfico como elemento de entrada Humedales
Subdivisión general clasificación
Subdivisión geográfica Colombia
9 (RLIN) 72048
650 #4 - ASIENTO SECUNDARIO DE MATERIA - TERMINO TEMATICO
Término temático o nombre geográfico como elemento de entrada Gestión de humedales
Subdivisión geográfica Colombia
9 (RLIN) 72049
650 #4 - ASIENTO SECUNDARIO DE MATERIA - TERMINO TEMATICO
Término temático o nombre geográfico como elemento de entrada Sistemas socioecológicos
9 (RLIN) 63433
700 1# - ASIENTO SECUNDARIO - NOMBRE PERSONAL
Nombre personal Jaramillo Villa, Úrsula
Término de relación editora
9 (RLIN) 37481
700 1# - ASIENTO SECUNDARIO - NOMBRE PERSONAL
Nombre personal Flórez-Ayala, Carlos
Término de relación editor
9 (RLIN) 63434
710 2# - ASIENTO SECUNDARIO - NOMBRE CORPORATIVO
Nombre corporativo o de jurisdicción como elemento de entrada Instituto de Investigación de Recursos Biológicos Alexander von Humboldt.
9 (RLIN) 204
700 1# - ASIENTO SECUNDARIO - NOMBRE PERSONAL
9 (RLIN) 11584
Nombre personal Cortés-Duque, Jimena
Término de relación editora
942 ## - ELEMENTOS ADICIONALES (KOHA)
Sistema de clasificación Dewey Decimal Classification
Tipo de ítem Libro
Koha issues (borrowed), all copies 5
Existencias
Withdrawn status Lost status Sistema de Clasificación Damaged status No para préstamo Colección Inventariado Ubicación Permanente Ubicación actual Fecha de adquisición Fuente de Valor Valor Total Checkouts Número topográfico Inventario / Código de Barras Date last seen Date checked out Ejemplar Price effective from Forma de adquisición Tipo de material
    Dewey Decimal Classification     Humboldt Inventariado 2018 Bogotá Bogotá 03/03/2016 Instituto 45000.00 9 IAVH-333.910986 C71a 039846 20/08/2019 20/08/2019 Ej. 1 03/03/2016 Institucional Libro
    Dewey Decimal Classification     Humboldt Inventariado 2018 Sala Fabio Quevedo Sala Fabio Quevedo 03/03/2016 Instituto 45000.00   IAVH-333.910986 C71a 039847 03/03/2016   Ej. 2 03/03/2016 Institucional Libro